| 000 | 00766nam a2200241 4500 | ||
|---|---|---|---|
| 001 | 37556 | ||
| 003 | BD-RjUL | ||
| 005 | 20211209052624.0 | ||
| 008 | 150125s2001 ii a|||| |||| 001 0 eng d | ||
| 020 | _a8170352223 | ||
| 035 | _a(BD-RjUL)37660 | ||
| 040 |
_aBD-RjUL _beng _cBD-RjUL _dBD-RjUL |
||
| 041 | _aeng | ||
| 082 |
_219 _a589.258 _bKHM 2001 |
||
| 100 |
_aKhulbe, R.D. _9115350 |
||
| 245 |
_aA manual of aquatic fungi (Chytridiomycetes & Oomycetes) / _cR.D. Khulbe. |
||
| 260 |
_aDelhi : Daya Pub. House, 2001. _bDaya Pub. House, _c2001. |
||
| 300 |
_axvi, 255 pages : _billustrations, portrait ; _c23 cm. |
||
| 500 | _aIncludes index. | ||
| 650 |
_aChytridiomycetes. _9115351 |
||
| 650 |
_aChytridiomycetes _xClassification. _9115352 |
||
| 942 |
_2ddc _cBK |
||
| 999 |
_c37556 _d37556 |
||